Ensayos

Kaydedildi:
Detaylı Bibliyografya
Yazar: Orwell, George (autor)
Materyal Türü: Kitap
Dil:İspanyolca
Baskı/Yayın Bilgisi: Barcelona Penguin Random House 2015
Edisyon:1a. ed
Konular:
Etiketler: Etiketle
Etiket eklenmemiş, İlk siz ekleyin!

MARC

LEADER 00000cam a2200000 a 4500
001 UCD5886
003 CL-VaPUC
008 161104e20150000sp |||||||||||||||||spa|d
020 |a 9788499890869 
082 0 4 |a 824  |b ORW  |2 21 
100 |a Orwell, George  |e autor  |9 320140 
245 1 0 |a Ensayos 
250 |a 1a. ed 
300 |a 975 p 
942 |c BK 
945 |d 20161104 11:00:00  |a dcastane 
260 |a Barcelona  |b Penguin Random House  |c 2015 
650 0 |a Ensayos ingleses  |9 265096 
650 0 |a Literatura inglesa  |9 312907 
583 |a last modification  |c 20161104 11:00:00  |k Rodrigo Vera 
999 |c 366423  |d 366421 
952 |0 0  |1 0  |3 erb  |4 0  |6 824_000000000000000_ORW_2015  |7 0  |8 A  |9 480656  |a BIBART  |b BIBART  |i 5346002  |o 824 ORW 2015  |p 5346002  |r 2025-03-13  |w 2019-11-24  |y BK  |z Catalogado en:20161104  |k ART